01740nam a2200337 i 4500001001000000003000900010005001700019007000300036008004100039020001800080040003000098041000800128082002300136100005700159245009800216264004600314300002800360336002700388337003300415338002800448500006000476590002600536910003700562942001400599952013600613952011800749952012500867952013400992952025901126999001701385000044830DO-SdBNP20250211083314.0ta150113s2014 dr 000 j spa d a9789945166156 aDO-SdBNPbspacBNPHUerda aspa 4aRD863.44bZ35p2221 aZapata, César Augusto,d1959 -eautor4aut.97284810aPara todos nosotros caerá la noche :bcuentos casi fantásticos /cCésar Augusto Zapata. 4aSanto Domingo :bEditora Búho,c©2014. a192 páginas ;c22 cm. atextobtxt2rdacontent asin mediaciónbn2rdamedia avolumenbnc2rdacarrier aIncluye datos biográficos en la solapa de la cubierta aInventariado, 2022/BT aValidado. Control de calidad MFF 2ddccLBS1 00102ddc56708DSaBNPHUbBNPHUcHDd2015-01-13eDonaciónoBNPHU DS RD863.44 Z35pp44830-30r2020-06-25te. 3w2020-06-25yLBS1 00102ddc51708PDaBNPHUbBNPHUcHDd2015-01-13oBNPHU PD RD863.44 Z35pp44830-10r2020-06-25w2020-06-25yLBS1 00102ddc51708PDaBNPHUbBNPHUcHDd2015-01-13oBNPHU PD RD863.44 Z35pp44830-20r2020-06-25te. 2w2020-06-25yLBS1 00102ddc56708DSaBNPHUbBNPHUcHDd2022-09-23eDonativooBNPHU DS RD863.44 Z35pp2022-4057r2022-09-23te.4w2022-09-23yLBS1 00102ddc56708DSaBNPHUbBNPHUcHDd2025-02-10eDonado por la Presidencia de la República Dominicana 2023.l0oBNPHU DS RD863.44 Z35pp2025-0892r2025-02-10te.5w2025-02-10yLBS1zPerteneció a la biblioteca personal de René Rodríguez Soriano. c44319d44319